| Поле | Инд. | ПП | Название | Значение |
|---|---|---|---|---|
| Тип записи | a | |||
| Библиографический уровень | m | |||
| 001 | Контрольный номер | RU/LIBMSTU/259757788 | ||
| 005 | Дата корректировки | 20111215110701.6 | ||
| 020 | 00 | a | ISBN | 0-7425-1883-3 |
| c | Цена, тираж | 1852-80 | ||
| 020 | 00 | a | ISBN | 0-7425-1884-1 |
| 084 | a | Индекс другой классификации/Индекс ББК | 81.2Англ+65.58 | |
| 090 | 00 | a | Полочн. индекс | 81.2Англ |
| x | Авторский знак | E 91 | ||
| 245 | 00 | a | Заглавие | The Euro: European Integration Theory and Economic and Monetary Union |
| c | Ответственность | edited by Amy Verdun | ||
| 260 | 00 | a | Место издания | Lanham [etc.] |
| b | Издательство | Rowman & Littlefield Publishers inc. | ||
| c | Дата издания | 2002 | ||
| 300 | 00 | a | Объем | 282 c. |
| 650 | _4 | a | Основная рубрика | Европейская экономическая интеграция; Мировая экономика-Хрестоматии на иностранных языках |
| 653 | 00 | a | Ключевые слова | Английский язык |
| a | Ключевые слова | Английский язык для экономических специальностей | ||
| a | Ключевые слова | Евро | ||
| a | Ключевые слова | Европейская экономическая интеграция | ||
| a | Ключевые слова | Тематические тексты | ||
| 990 | 00 | f | Даты поступлений (DOS) | 02.04 |